Normal view
MARC view
Entry Personal Name
001 - CONTROL NUMBER
- control field: 20524
003 - CONTROL NUMBER IDENTIFIER
- control field:
005 - DATE AND TIME OF LATEST TRANSACTION
- control field: 20221208153018.0
008 - FIXED-LENGTH DATA ELEMENTS
- fixed length control field: 221208|| aca||aabn | a|a d
040 ## - CATALOGING SOURCE
- Original cataloging agency:
- Transcribing agency:
100 ## - HEADING--PERSONAL NAME
- Personal name: Ojo, O
670 ## - SOURCE DATA FOUND
- Source citation: Work cat.: ()10463: YEKINI, N.A aut 20523, Computer upgrading and maintenance /, 2012
